000 00443nam a2200181 a 4500
001 11592
003 CO-ViMGA
008 141112s2004 ck r 000 u spa d
040 _aCO-ViMGA
_bspa
_cCO-ViMGA
082 0 4 _aV861.6 C73r
100 1 _aCrespo, Luis Alberto
_916140
245 1 0 _aResolana
260 _aCaracas,
_cMonte Avila editores
300 _a60 p.
490 _aAltazar
650 1 4 _aPOESIA VENEZOLANA
_950942
942 _2ddc
_cBK
999 _c22781
_d22781